Statistiques concernant Chanteur.ses et musicien.nes dans les titres des chansons

Cliquez ici pour prendre le quiz!

Statistiques générales

  • Ce quiz a été pris 91 fois
  • Le résultat moyen est 4 sur 10

Statistiques - réponses

TitreArtiste% Correct
Ella, Elle l'aFrance Gall
92%
ArmstrongClaude Nougaro
58%
Move like JaggerMaroon 5 | Christina Aguilera
53%
Les Élucubrations d'AntoineAntoine
42%
Les Nuits sans Kim WildeLaurent Voulzy
39%
Marvin GayeCharlie Puth | Meghan Traynor
28%
Giorgio by MoroderDaft Punk
16%
Sir DukeStevie Wonder
16%
Roll Over BeethovenChuck Berry
9%
She's MadonnaRobbie Williams
3%

Distribution des résultats

Percentile par nombre de réponses

% des personnes avec chaque résultat

Votre développement - résultats

Vous n’avez pas pris ce quiz